Statistics for Countries of the World Quiz - Alphabetical Order With Map

Click here to take the quiz!

General Stats

  • This quiz has been taken 186 times
  • The average score is 132 of 196

Answers on the Map

Answers color-coded by a green-red scale on the quiz's map according to % correct below.
 

Answer Stats

Country% Correct
Afghanistan
100%
Albania
99%
Algeria
96%
Angola
96%
Austria
92%
Andorra
90%
Argentina
90%
Australia
90%
Antigua and Barbuda
89%
Armenia
89%
Azerbaijan
89%
Bahamas
85%
Bahrain
85%
Belize
85%
Belgium
83%
Brazil
82%
Bangladesh
81%
Belarus
81%
Bolivia
81%
Cameroon
81%
Canada
81%
Chad
81%
Barbados
79%
Benin
79%
Bhutan
79%
Botswana
79%
Burundi
79%
Cambodia
79%
Colombia
79%
Comoros
79%
Costa Rica
79%
Democratic Republic
of the {Congo}
79%
Burkina Faso
78%
Chile
78%
China
78%
Bosnia and
Herzegovina
76%
Bulgaria
76%
Cape Verde
76%
Central African Republic
76%
Djibouti
76%
Federated States of
{Micronesia}
76%
France
76%
Guinea
76%
Guinea-Bissau
76%
Cuba
75%
Denmark
75%
Ecuador
75%
Egypt
75%
Ethiopia
75%
Cyprus
74%
Czech Republic
74%
Dominica
74%
Dominican Republic
74%
Eritrea
74%
Finland
74%
Germany
74%
Guyana
74%
Haiti
74%
India
74%
Indonesia
74%
Republic of the {Congo}
74%
Brunei
72%
Estonia
72%
Gabon
72%
Greece
72%
Guatemala
72%
Honduras
72%
Iceland
72%
Ireland
72%
Italy
72%
Croatia
71%
El Salvador
71%
Equatorial Guinea
71%
Gambia
71%
Ghana
71%
Hungary
71%
Jordan
71%
Kazakhstan
71%
Fiji
69%
Iran
69%
Iraq
69%
Japan
69%
Israel
68%
Jamaica
68%
Kiribati
68%
Laos
68%
Zambia
68%
Zimbabwe
68%
East Timor
67%
Georgia
67%
Kenya
67%
Kyrgyzstan
67%
Grenada
65%
Libya
65%
Mauritania
65%
New Zealand
65%
Niger
65%
Nigeria
65%
Oman
65%
Palau
65%
Kuwait
64%
Liberia
64%
Madagascar
64%
Mexico
64%
Mozambique
64%
North Korea
64%
Pakistan
64%
Panama
64%
Papua New Guinea
64%
United Kingdom
64%
United States
64%
Venezuela
64%
Yemen
64%
Latvia
63%
Lesotho
63%
Macedonia
63%
Mali
63%
Malta
63%
Mauritius
63%
Namibia
63%
United Arab Emirates
63%
Lithuania
61%
Malawi
61%
Maldives
61%
Mongolia
61%
Morocco
61%
Myanmar
61%
Nauru
61%
Norway
61%
Paraguay
61%
Peru
61%
Portugal
61%
Ukraine
61%
Uruguay
61%
Vanuatu
61%
Ivory Coast
60%
Kosovo
60%
Liechtenstein
60%
Malaysia
60%
Monaco
60%
Nepal
60%
Nicaragua
60%
Russia
60%
Samoa
60%
Vatican City
60%
Vietnam
60%
Marshall Islands
58%
Moldova
58%
Montenegro
58%
Philippines
58%
Qatar
58%
Romania
58%
Turkey
58%
Turkmenistan
58%
Uganda
58%
Uzbekistan
58%
Lebanon
57%
Luxembourg
57%
Netherlands
57%
Rwanda
57%
Saint Kitts and Nevis
57%
Saint Lucia
57%
Saint Vincent and the
Grenadines
57%
Syria
57%
Thailand
57%
Poland
56%
Senegal
56%
South Africa
56%
Sri Lanka
56%
Sudan
56%
Sweden
56%
Tonga
56%
Tunisia
56%
San Marino
54%
Saudi Arabia
54%
Serbia
54%
Somalia
54%
South Korea
54%
South Sudan
54%
Spain
54%
Suriname
54%
Switzerland
54%
Tajikistan
54%
Togo
54%
São Tomé and Príncipe
53%
Taiwan
53%
Tanzania
53%
Trinidad and Tobago
53%
Tuvalu
53%
Seychelles
51%
Sierra Leone
51%
Slovakia
51%
Slovenia
51%
Swaziland
51%
Singapore
47%
Solomon Islands
46%

Score Distribution

Percentile by Number Answered

Percent of People with Each Score

Your Score History

You have not taken this quiz